Projecte de l'Estatut de Catalunya
Descripción Física:
8 p. ; 27 cm
Materias:
Catalunya. -- Estatut (1932)
MARC
| LEADER | 00000nam a2200000Ia 4500 | ||
|---|---|---|---|
| 001 | 1179 | ||
| 008 | 160829s9999 xx 000 0 cat d | ||
| 080 | |a RF-8-74 | ||
| 100 | |a Catalunya. Estatut (1932) | ||
| 245 | |a Projecte de l'Estatut de Catalunya | ||
| 260 | |a Barcelona : |b (Impremta de la Casa de Caritat), [1931?] | ||
| 300 | |a 8 p. ; |c 27 cm | ||
| 590 | |a Hi ha dos duplicats amb R. 9180: DUP-21-61, DUP-21-62 | ||
| 610 | 1 | 0 | |a Catalunya. |t Estatut (1932) |9 54030 |
| 856 | 4 | |u https://media.diba.cat/diba/fitxers/arxiu/fulletons/bib_1179_1931_baixa.pdf |y Accés lliure | |
| 856 | 4 | |u https://media.diba.cat/diba/fitxers/arxiu/fulletons/bib_1179_1931_baixa.pdf |y Accés lliure | |
| 901 | |a Arxiu | ||
| 942 | |n 1 |2 udc | ||
| 952 | |0 0 |1 0 |4 0 |6 RF874 |7 1 |9 48524 |a Arxiu |b Arxiu |d 2016-12-01 |l 0 |o RF-8-74 |p 1179 |r 2016-12-01 00:00:00 |w 2016-12-01 |y ARXIU | ||
| 999 | |c 52353 |d 52353 | ||
| 900 | |a bib_1179_1931_baixa.pdf | ||